Hệ thống các bài tập về chuyển động đều trong chương trình toán lớp 4, lớp 5.

Những vấn đề lý luận chung...Hệ thống và phân loại các bài tập về chuyển động đều trong chương trình toán lớp 4,lớp 5...Xây dựng một số bài tập hổ trợ cho học sinh...Thực nghiệm sư phạm , một số ý kiến đề xuất...

Đã lưu trong:
Sonraí Bibleagrafaíochta
Príomhúdar: Nguyễn, Thị Thanh Lan
Údair Eile: Lê, Tử Tín Th.S (Người hướng dẫn)
Formáid: Leabhar
Teanga:Vietnamese
Foilsithe: Đại học Sư Phạm Đại học Đà Nẵng 2009
Ábhair:
Clibeanna: Cuir Clib Leis
Gan Chlibeanna, Bí ar an gcéad duine leis an taifead seo a chlibeáil!
Thư viện lưu trữ: Mạng thư viện Đại học Đà Nẵng
LEADER 01513nam a2200325 4500
001 000011716
003 7983
005 20120208140229.0
008 120208s2009 viesd
041 |a vie 
072 |a Khóa luận tốt nghiệp -Giaó dục tiểu học mầm non 
082 |a 372.7  |b NG-L 
100 1 |a Nguyễn, Thị Thanh Lan 
245 1 |a Hệ thống các bài tập về chuyển động đều trong chương trình toán lớp 4, lớp 5.  |c Nguyễn, Thị Thanh Lan 
260 |a Đại học Sư Phạm  |b Đại học Đà Nẵng  |c 2009 
300 |a 96 tr.  |c 29 cm. 
500 |a Khóa luận tốt nghiệp 
520 |a Những vấn đề lý luận chung...Hệ thống và phân loại các bài tập về chuyển động đều trong chương trình toán lớp 4,lớp 5...Xây dựng một số bài tập hổ trợ cho học sinh...Thực nghiệm sư phạm , một số ý kiến đề xuất... 
653 |a Lớp 4  |a Toán  |a Lớp 5 
700 |a Lê, Tử Tín  |c Th.S  |e Người hướng dẫn 
OWN |a LSP 
AVA |a UDN50  |b LSP  |d 372.7 NG-L  |e available  |t Error 5001 Not defined in file expand_doc_bib_avail.  |f 1  |g 0  |h N  |i 0  |k 1 
999 |a From the UDN01 
AVA |a UDN50  |b LSP  |d 372.7 NG-L  |e available  |t Error 5001 Not defined in file expand_doc_bib_avail.  |f 1  |g 0  |h N  |i 0  |k 1 
TYP |a Monograph 
TYP |a Printed language 
980 |a Mạng thư viện Đại học Đà Nẵng